On the Road / (Record no. 9971)

MARC details
000 -LEADER
campo de control de longitud fija 00809nam a2200265 i 4500
001 - NÚMERO DE CONTROL
campo de control 9971
003 - IDENTIFICADOR DE NÚMERO DE CONTROL
campo de control ES-MaACL
005 - FECHA Y HORA DE LA ÚLTIMA TRANSACCIÓN
campo de control 20250804062640.0
007 - CAMPO FIJO DE DESCRIPCIÓN FÍSICA--INFORMACIÓN GENERAL
campo de control de longitud fija t|
008 - DATOS DE LONGITUD FIJA--INFORMACIÓN GENERAL
campo de control de longitud fija 940623s1991 xxk ||||1| eng d
020 ## - NÚMERO INTERNACIONAL ESTÁNDAR DEL LIBRO
Número Internacional Estándar del Libro 0-14-018521-6
080 ## - NÚMERO DE LA CLASIFICACIÓN DECIMAL UNIVERSAL
Número de la Clasificación Decimal Universal 82.0(73)-311.2"19"
080 ## - NÚMERO DE LA CLASIFICACIÓN DECIMAL UNIVERSAL
Número de la Clasificación Decimal Universal 82.0(73)(Kerouac,J.7 O.01)
100 1# - ENTRADA PRINCIPAL--NOMBRE DE PERSONA
Nombre de persona Kerouac, Jack,
Fechas asociadas al nombre 1922-1969
Término indicativo de función/relación Autor
9 (RLIN) 240046
245 10 - MENCIÓN DEL TÍTULO
Título On the Road /
Mención de responsabilidad, etc. Jack Kerouac ; introduction by Ann Charters.
260 ## - PUBLICACIÓN, DISTRIBUCIÓN, ETC.
Lugar de publicación, distribución, etc. London :
Nombre del editor, distribuidor, etc. Penguin Books,
Fecha de publicación, distribución, etc. 1991.
300 ## - DESCRIPCIÓN FÍSICA
Extensión XXXIII, 310 p. ;
Dimensiones 20 cm.
490 1# - MENCIÓN DE SERIE
Mención de serie Penguin twentieth-century classics
655 #0 - TERMINO DE INDIZACIÓN--GENERO/FORMA
Datos o término principal de género/forma Novelas
9 (RLIN) 234319
700 0# - ENTRADA AGREGADA--NOMBRE PERSONAL
Nombre de persona Charters, Ann
9 (RLIN) 38138
Término indicativo de función/relación Autor de introducción
830 0# - PUNTO DE ACCESO ADICIONAL DE SERIE-TÍTULO UNIFORME
Título uniforme Penguin twentieth-century classics
9 (RLIN) 178617
852 ## - LOCALIZACIÓN
Ubicación ES-MaACL
Número de control de estantería L-17518
Sublocalización o colección R.121795
942 ## - ELEMENTOS DE ENTRADA SECUNDARIOS (KOHA)
Fuente del sistema de clasificación o colocación Clasificación decimal universal
Holdings
Estatus retirado Estado de pérdida Estado de daño No para préstamo Biblioteca de origen Biblioteca actual Ubicación en estantería Fecha de adquisición Fuente de adquisición Total de préstamos Signatura topográfica completa Código de barras Visto por última vez Fecha del último préstamo Precio de reemplazo Tipo de ítem Koha
        Biblioteca del Ateneo de Madrid Biblioteca del Ateneo de Madrid Depósito 2 17/01/2008   1 L-17518 1010178 16/06/2026 15/04/2026 23/02/2023 Libro impreso